| 000 | 00511nam a22001937a 4500 | ||
|---|---|---|---|
| 003 | MPLRDC | ||
| 005 | 20220105061145.0 | ||
| 008 | 210129b ||||| |||| 00| 0 eng d | ||
| 020 | _a962-451-470-4 | ||
| 082 | _a848.3 HZ-7 c.3 | ||
| 100 | _a黄沾 | ||
| 245 |
_a开心快活人 _c |
||
| 250 | _a初版二刷 | ||
| 260 |
_a香港 _b皇冠出版社(香港)有限公司 _c1998 |
||
| 300 | _b平 | ||
| 520 | _a2018-03-06 荧光标记--pg.多页。 | ||
| 650 | _a现代别集 | ||
| 942 |
_cBK _o848.3 HZ-7 c.3 |
||
| 999 |
_c69650 _d69640 |
||